02959nam a2200181 a 450000100100000000500170001000800410002704000250006808200150009311001100010824502860021826000640050430000280056850520030059670000480259995201130264799900170276000004577920201002052435.0150512s1996 dr a 000 0 spa d aDO-SdBNPbspacBNPHU axxxxbxxxx2 aCongreso sobre la fundación de la Ciudad de Santo Domingon(Ia:d1995 nov. 23-25cSanto Domingo)97386410aSobre la historia de la fundación de la ciudad de Santo Domingo :by otros estudios de la época colonial: ponencias presentadas ante el primer congreso sobre la fundación de la ciudad de Santo Domingo, 23 al 25 de noviembre de 1995 /cpresentación Rafael Suberví Bonilla. aSanto Domingo :bAyuntamiento del Distrito Nacional,c1996. a396 p. :bil. ;c21 cm.0 aDeclaración final del pleno de participantes en el Congreso --tPalabras del Presidente de la Academia Dominicana de la Historia /rJulio Genero Campillo Pérez --tVerdad y ficción en torno a la fecha de la fundación de la ciudad de Santo Domingo /rFranklin Franco Pichardo --tLa ciudad de Santo Domingo no se fundó el 4 de agosto del 1496 /rRamón Bona Rivera --tOrigen, fundación y desarrollo de la ciudad de Santo Domingo /rTomás Báez Díaz -tLa fundación de la ciudad de Santo Domingo - viejas polémicas y nuevas decisiones /rTirso Mejía Ricart --tCuantificaciones sociodemográficas de la ciudad de Santo Domingo en el siglo XVI /rRoberto Cassá --tReflexiones sobre los nombres de la Isla y del País /rJuan Daniel Balcácer --tAlgunas reflexiones sobre el hecho fundacional de Santo Domingo /rJulio Gerardo Martínez Martínez --tLas primeras grandes construcciones en la ciudad primada de América /rCésar Iván Feris Iglesias -tEspontaneidad y medievalismo en las primeras construcciones de La Española (1492-1550) /rEsteban Mira Caballos --tEl papel de la población indígena en la fundación de Santo Domingo Oriental /rJosé G. Guerrero --tLas primeras instituciones jurídico - políticas /rMaría Elena Muñoz --tJusticia y hombres de leyes en Santo Domingo del siglo XV /rAmérico Moreta Castillo --tAlgo más sobre la fundación de la ciudad de Santo Domingo /rLuis E. Martínez Pina -tLos modelos familiares en Santo Domingo siglo XVI /rFátima Portorreal --tFraudes y conflictos en las primeras elecciones celebradas en la Isla Española 1512-1518 /rAmadeo Julián --tEl año de fundación de la ciudad de Santo Domingo en la historiografía contemporánea dominicana /rJosé Chez Checo --tAportes de negras y negros en la fundación y desarrollo de la ciudad de Santo Domingo de Guzmán /rBlas R. Jiménez --tCatálogo de los hábitos religiosos en Santo Domingo /rFradique Lizardo.1 aSuberví Bonilla, Rafael,epresent.916831 0010718PDaPDbPDcCTd2015-05-12iLF1l0oxxxx xxxxp45779-10r2020-06-25w2020-06-25yLFPDZNo se presta c45268d45268